[Event "Astana Zhuldyzdary Open A"]
[Site "Astana KAZ"]
[Date "2023.07.15"]
[Round "7.48"]
[White "Zhaksygulov, Askarbai"]
[Black "Danielyan, Vahe"]
[Result "0-1"]
[BlackTitle "IM"]
[WhiteElo "1974"]
[BlackElo "2346"]
[WhiteFideId "13727427"]
[BlackFideId "13304828"]
[EventDate "2023.07.11"]

1. e4 c5 2. Nf3 e6 3. d3 d5 4. Nbd2 Nc6 5. g3 g6 6. Bg2 Bg7 7. O-O Nge7 8. Re1
O-O 9. c3 b5 10. e5 a5 11. c4 bxc4 12. dxc4 Ba6 13. cxd5 exd5 14. Nb3 Qb6 15.
Qc2 c4 16. Be3 cxb3 17. axb3 d4 18. Bg5 Nd5 19. e6 Ncb4 20. Qe4 fxe6 21. Qh4 Rf5
22. g4 Rf7 23. Ne5 Bxe5 24. Rxe5 Raf8 25. Rae1 Rxf2 26. Rxe6 Qb7 27. Be4 Nc2 28.
Re7 Rf1+ 29. Rxf1 Rxf1+ 30. Kg2 Nde3+ 31. Bxe3 Nxe3+ 32. Kh3 Rf3+ 33. Bxf3 Qxf3+
34. Qg3 Bf1+ 35. Kh4 Nf5+ 36. gxf5 Qh5# 0-1

[Event "Astana Zhuldyzdary Open A"]
[Site "Astana KAZ"]
[Date "2023.07.15"]
[Round "7.49"]
[White "Maevsky, Nikolay"]
[Black "Kolosovskiy, Anton"]
[Result "1/2-1/2"]
[WhiteTitle "FM"]
[WhiteElo "2277"]
[BlackElo "1933"]
[WhiteFideId "4198220"]
[BlackFideId "13705571"]
[EventDate "2023.07.11"]

1. d4 d5 2. Nf3 e6 3. c4 c6 4. Nc3 Nf6 5. g3 dxc4 6. Bg2 b5 7. Ne5 Nd5 8. O-O
Bb7 9. Ne4 f6 10. Nf3 Nd7 11. Qc2 Be7 12. Rd1 O-O 13. b3 cxb3 14. axb3 Qb6 15.
Bh3 c5 16. dxc5 Nxc5 17. Nxc5 Bxc5 18. e4 Nb4 19. Qe2 Rfd8 20. Bb2 e5 21. Bd7 a6
22. Bc3 Bc8 23. Bxb4 Bxb4 24. Bxc8 Raxc8 25. Nh4 g6 26. Ng2 Bc3 27. Rac1 Bd4 28.
h4 Qe6 29. Qf3 Kg7 30. Ne3 f5 31. exf5 Qf7 32. b4 Bxe3 33. Qxe3 Rxd1+ 34. Rxd1
Qxf5 35. Qa7+ Kg8 36. Qxa6 Rf8 37. Qa7 Rf7 38. Qc5 h5 39. Rd8+ Kh7 40. Rd2 Qb1+
41. Kg2 Qe4+ 42. Kh2 Qe1 43. Qc2 e4 1/2-1/2

[Event "Astana Zhuldyzdary Open A"]
[Site "Astana KAZ"]
[Date "2023.07.15"]
[Round "7.50"]
[White "Temirov, Bakhyt"]
[Black "Mukhametkali, Merey"]
[Result "1/2-1/2"]
[WhiteTitle "FM"]
[WhiteElo "2166"]
[BlackElo "1923"]
[WhiteFideId "13704745"]
[BlackFideId "13727389"]
[EventDate "2023.07.11"]

1. d4 Nf6 2. Nf3 c5 3. g3 cxd4 4. Bg2 Nc6 5. O-O g6 6. Nxd4 Bg7 7. c4 O-O 8. Nc3
d6 9. Bg5 Nxd4 10. Qxd4 h6 11. Bxf6 Bxf6 12. Qe3 Bxc3 13. bxc3 Qc7 14. Qxh6 Qxc4
15. Qe3 Be6 16. Rab1 Rac8 17. Rxb7 Rc7 18. Rxa7 Rxa7 19. Qxa7 Qxa2 20. Qxe7 Qxe2
21. Qxd6 Rc8 22. h4 Rxc3 23. Qd8+ Kh7 24. Qf6 Rd3 25. Ra1 Rd1+ 26. Rxd1 Qxd1+
27. Kh2 Qg4 28. Bf3 Qf5 29. Qxf5 Bxf5 30. Bd5 f6 31. f3 Kg7 32. g4 Bd7 33. Kg3
g5 34. h5 f5 1/2-1/2

[Event "Astana Zhuldyzdary Open A"]
[Site "Astana KAZ"]
[Date "2023.07.15"]
[Round "7.51"]
[White "Kanaev, Ardak"]
[Black "Dushatov, Timur"]
[Result "1-0"]
[WhiteElo "1865"]
[BlackElo "1989"]
[WhiteFideId "13701533"]
[BlackFideId "13781901"]
[EventDate "2023.07.11"]

1. c4 Nf6 2. Nc3 e5 3. g3 c6 4. Nf3 Bd6 5. d4 e4 6. Ng5 Bb4 7. Bg2 d5 8. O-O h6
9. Nh3 O-O 10. cxd5 cxd5 11. f3 exf3 12. exf3 Nc6 13. Nf4 Ba5 14. Be3 Re8 15.
Bf2 Bc7 16. Qd2 Bf5 17. Rfe1 Qd7 18. Bf1 a6 19. Rac1 Rac8 20. Nd3 Bxd3 21. Bxd3
Nb4 22. Bb1 Nc6 23. a3 Qd6 24. Qd3 g6 25. Ne2 Qd7 26. Be3 Kg7 27. Bf4 Nh5 28.
Bxc7 Qxc7 29. Ba2 Nf6 30. b4 Re7 31. Nf4 Rd8 32. Kf2 Rxe1 33. Rxe1 Qb6 34. Rd1
h5 35. Bb1 Ne7 36. Qe3 Nc6 37. Kg2 a5 38. Qd3 Ne7 39. Qc3 axb4 40. axb4 Rc8 41.
Qe3 Qxb4 42. Qe5 Rc6 43. Re1 Kf8 44. Nd3 Qd6 45. Qg5 Kg7 46. Nf4 Rc7 47. Bd3 Qb4
48. Qe5 Rd7 49. Re2 Qd6 50. Qxd6 Rxd6 51. Rxe7 1-0

[Event "Astana Zhuldyzdary Open A"]
[Site "Astana KAZ"]
[Date "2023.07.15"]
[Round "7.52"]
[White "Volchkova, Alena"]
[Black "Boran, Shyngys"]
[Result "1/2-1/2"]
[WhiteElo "1824"]
[BlackElo "1891"]
[WhiteFideId "54104408"]
[BlackFideId "13715429"]
[EventDate "2023.07.11"]

1. e4 c5 2. Nf3 d6 3. d4 cxd4 4. Nxd4 Nf6 5. Nc3 Nc6 6. Be3 Ng4 7. Bc1 Qb6 8.
Bb5 Bd7 9. O-O Nxf2 10. Rxf2 Qxd4 11. Qf3 Ne5 12. Bxd7+ Kxd7 13. Qh3+ Kd8 14.
Be3 Qc4 15. Rd1 Qe6 16. Qxe6 fxe6 17. Bg5 Kd7 18. Bf4 Ng4 19. Rfd2 e5 20. Bg3 g6
21. Nd5 Bh6 22. Rd3 Bg7 23. h3 Nh6 24. Bh4 Bf8 25. Ra3 Rb8 26. Rxa7 Nf7 27. Rd3
Nd8 28. Rb3 Ke6 29. a4 Rc8 30. Rc3 Rxc3 31. Nxc3 Bh6 32. Nd5 Bc1 33. b4 g5 34.
Bf2 Bb2 35. c3 Kd7 36. a5 e6 37. Nb6+ Kc6 38. Na4 Ba3 39. a6 bxa6 40. Rxa6+ Kb5
41. Ra5+ Kc4 42. Nb6+ Kb3 43. Ra7 h6 44. Rc7 Rf8 45. Nd7 Rf4 46. Rc8 Nb7 47. Rb8
Kxc3 48. Rxb7 1/2-1/2

[Event "Astana Zhuldyzdary Open A"]
[Site "Astana KAZ"]
[Date "2023.07.15"]
[Round "7.53"]
[White "Khamit, Daulet"]
[Black "Karibayev, Dimash"]
[Result "0-1"]
[WhiteElo "1822"]
[BlackElo "1876"]
[WhiteFideId "13709542"]
[BlackFideId "13720333"]
[EventDate "2023.07.11"]

1. d4 d5 2. Bf4 Nf6 3. e3 c5 4. c3 Qb6 5. Qb3 c4 6. Qxb6 axb6 7. Na3 Nc6 8. Nb5
Ra5 9. a4 Bf5 10. Be2 Kd7 11. Nf3 h6 12. O-O e6 13. Nd2 Ne4 14. Nxe4 Bxe4 15. f3
Bc2 16. Bd1 Bd3 17. Re1 Be7 18. e4 Bh4 19. g3 Be7 20. exd5 exd5 21. Bc7 Ra6 22.
Be2 Bc2 23. Bf1 g6 24. Bh3+ f5 25. Be5 Rg8 26. Nc7 Ra5 27. Rec1 Bb3 28. Bf4 Bg5
29. Bxg5 hxg5 30. Nb5 Rxa4 31. Rxa4 Bxa4 32. Na3 Re8 33. Kf2 Rh8 34. Kg2 b5 35.
Nb1 b4 36. Nd2 bxc3 37. bxc3 b5 38. Nf1 b4 39. Ra1 Ra8 40. Ne3 Kd6 41. Nc2 bxc3
42. Kf2 Ra5 43. Ne3 Nxd4 44. Bf1 Kc5 0-1

[Event "Astana Zhuldyzdary Open A"]
[Site "Astana KAZ"]
[Date "2023.07.16"]
[Round "8.1"]
[White "Aditya, Mittal"]
[Black "Alekseev, Evgeny"]
[Result "1/2-1/2"]
[WhiteTitle "GM"]
[BlackTitle "GM"]
[WhiteElo "2563"]
[BlackElo "2563"]
[WhiteFideId "35042025"]
[BlackFideId "4138147"]
[EventDate "2023.07.11"]

1. e4 e5 2. Nf3 Nc6 3. Bb5 Nf6 4. d3 Bc5 5. c3 O-O 6. O-O d6 7. Bg5 Bb6 8. Nbd2
Ne7 9. Bxf6 gxf6 10. d4 c6 11. Bd3 Ng6 12. Nc4 Bc7 13. Ne3 Be6 14. h4 Kh8 15. g3
Rg8 16. Kh1 d5 17. Rg1 Qd7 18. dxe5 Nxe5 19. Nxe5 fxe5 20. Qf3 Raf8 21. Qf6+ Rg7
22. Kh2 1/2-1/2

[Event "Astana Zhuldyzdary Open A"]
[Site "Astana KAZ"]
[Date "2023.07.16"]
[Round "8.2"]
[White "Sivuk, Vitaly"]
[Black "Ansat, Aldiyar"]
[Result "1/2-1/2"]
[WhiteTitle "GM"]
[BlackTitle "IM"]
[WhiteElo "2432"]
[BlackElo "2400"]
[WhiteFideId "14116502"]
[BlackFideId "13715658"]
[EventDate "2023.07.11"]

1. d4 Nf6 2. c4 g6 3. g3 c6 4. Bg2 d5 5. cxd5 cxd5 6. Nc3 Bg7 7. Nf3 O-O 8. Ne5
Nc6 9. Nxc6 bxc6 10. O-O Bf5 11. Bf4 Nd7 12. Rc1 Qb6 13. Na4 Qxd4 14. Qxd4 Bxd4
15. Rxc6 e6 16. Rd1 Bg7 17. h3 h5 18. b3 Rac8 19. Rdc1 Rxc6 20. Rxc6 e5 21. Bd2
e4 22. Nc3 Be6 23. Nb5 Nb8 24. Rc1 a6 25. Nc7 Rc8 26. Bf4 Nd7 27. Nxa6 Ra8 28.
Rc6 Ne5 29. Nc7 Rxa2 30. Bxe5 Bxe5 31. Nxe6 fxe6 32. Rxe6 Bd4 33. e3 Kf7 34. Rd6
Bc3 35. Rxd5 Be1 36. Bxe4 Bxf2+ 37. Kg2 Bxe3+ 38. Kf3 Ba7 39. Bd3 Rf2+ 40. Ke4
Bb8 41. Rg5 Rf5 42. Rxf5+ gxf5+ 43. Kf3 Kf6 44. h4 Bd6 45. Bb5 Kg6 46. Bd7 Bb4 1/2-1/2

[Event "Astana Zhuldyzdary Open A"]
[Site "Astana KAZ"]
[Date "2023.07.16"]
[Round "8.3"]
[White "Igambergenov, Alibek"]
[Black "Rakhmanov, Aleksandr"]
[Result "1/2-1/2"]
[WhiteTitle "IM"]
[BlackTitle "GM"]
[WhiteElo "2420"]
[BlackElo "2620"]
[WhiteFideId "13703404"]
[BlackFideId "4173708"]
[EventDate "2023.07.11"]

1. Nf3 Nf6 2. c4 e6 3. e3 b6 4. b3 Bb7 5. Bb2 c5 6. g3 Be7 7. Bg2 d6 8. O-O Nbd7
9. Nc3 O-O 10. Qe2 Ne4 11. Nxe4 Bxe4 12. d3 Bc6 13. e4 b5 14. d4 bxc4 15. bxc4
Rb8 16. Bc3 cxd4 17. Nxd4 Ba4 18. Rab1 Qc7 19. Rb4 Rxb4 20. Bxb4 Rc8 21. Nb5
Qxc4 22. Qxc4 Rxc4 23. Bxd6 Kf8 24. Rb1 a6 25. Bf1 Bxb5 26. Bxc4 Bxc4 27. e5 Bb5
28. Rc1 Bxd6 29. exd6 f5 30. f4 Kf7 31. Rc8 e5 32. Kf2 exf4 33. gxf4 Ke6 34. Rg8
g6 35. Rh8 Nf6 36. Rf8 Bc6 37. Kg3 Nh5+ 38. Kh4 Nxf4 39. Kg5 Nh3+ 40. Kh4 Nf2
41. Kg5 Nd3 42. Rf6+ Kd7 43. Rf7+ Kxd6 44. Rxh7 f4 45. Rf7 f3 46. Rf6+ Ke5 47.
Rxc6 f2 48. Rf6 Ke4 49. Kg4 Ke3 50. Kg3 Ke2 51. Re6+ Kd2 52. Rf6 Ke2 53. Re6+
Kd2 54. Rf6 Ke2 55. Re6+ Kd2 1/2-1/2

[Event "Astana Zhuldyzdary Open A"]
[Site "Astana KAZ"]
[Date "2023.07.16"]
[Round "8.4"]
[White "Niemann, Hans Moke"]
[Black "Madaminov, Mukhiddin"]
[Result "1-0"]
[WhiteTitle "GM"]
[BlackTitle "IM"]
[WhiteElo "2674"]
[BlackElo "2471"]
[WhiteFideId "2093596"]
[BlackFideId "14210703"]
[EventDate "2023.07.11"]

1. Nf3 Nf6 2. c4 g6 3. Nc3 d5 4. cxd5 Nxd5 5. h4 Nxc3 6. bxc3 Bg7 7. h5 c5 8.
Qa4+ Nd7 9. e4 Qc7 10. h6 Bf6 11. Rb1 O-O 12. d4 cxd4 13. cxd4 e5 14. d5 Nc5 15.
Qc4 Bd7 16. Be2 Rfc8 17. O-O Ba4 18. Bd1 b5 19. Qe2 Bxd1 20. Rxd1 Na4 21. Bd2
Qc4 22. Qxc4 Rxc4 23. Rxb5 Rxe4 24. Rb7 Rg4 25. Rc1 e4 26. Nh2 Rh4 27. g3 Rh5
28. Rxa7 1-0

[Event "Astana Zhuldyzdary Open A"]
[Site "Astana KAZ"]
[Date "2023.07.16"]
[Round "8.5"]
[White "Moiseenko, Alexander"]
[Black "Tsaruk, Maksim"]
[Result "1-0"]
[WhiteTitle "GM"]
[BlackTitle "FM"]
[WhiteElo "2575"]
[BlackElo "2393"]
[WhiteFideId "14102560"]
[BlackFideId "13511173"]
[EventDate "2023.07.11"]

1. d4 Nf6 2. c4 e6 3. Nc3 Bb4 4. Nf3 b6 5. Bg5 Bb7 6. Nd2 h6 7. Bh4 c5 8. d5 Qe7
9. f3 g5 10. Bg3 Bxc3 11. bxc3 exd5 12. cxd5 Bxd5 13. e4 Nc6 14. Be2 Be6 15. f4
gxf4 16. Bxf4 Ng4 17. O-O Nge5 18. Nf3 f6 19. a4 Rg8 20. a5 Qg7 21. Bg3 Nxa5 22.
Nxe5 fxe5 23. Qd6 Nc4 24. Qc7 Qg5 25. Bxc4 Bxc4 26. Rf5 Qe3+ 27. Kh1 Be6 28.
Qxe5 Qd2 29. Raf1 a5 30. Rf6 Qa2 31. Qd6 1-0

[Event "Astana Zhuldyzdary Open A"]
[Site "Astana KAZ"]
[Date "2023.07.16"]
[Round "8.6"]
[White "Muradli, Mahammad"]
[Black "Lobanov, Sergei"]
[Result "1-0"]
[WhiteTitle "GM"]
[BlackTitle "GM"]
[WhiteElo "2546"]
[BlackElo "2547"]
[WhiteFideId "13409301"]
[BlackFideId "24183750"]
[EventDate "2023.07.11"]

1. d4 Nf6 2. c4 e6 3. Nf3 d5 4. g3 Bd6 5. Bg2 O-O 6. O-O h6 7. Nfd2 c6 8. Nc3 e5
9. dxe5 Bxe5 10. cxd5 cxd5 11. Nxd5 Nxd5 12. Nc4 Bxg3 13. hxg3 Be6 14. b3 Nc6
15. Bb2 Qg5 16. Nd6 Rab8 17. Qc1 Rfd8 18. Qxg5 hxg5 19. Ne4 f6 20. Rfd1 Ndb4 21.
Nc5 Bf7 22. Nd7 Rbc8 23. a3 Nc2 24. Rac1 Bxb3 25. Bxc6 bxc6 26. Nc5 Rxd1+ 27.
Rxd1 Bc4 28. Rc1 Nxa3 29. e3 Be2 30. Bxa3 Bf3 31. Ne6 g4 32. Nd4 Be4 33. Kf1 Kf7
34. Ke1 Rh8 35. Ke2 Rh5 36. Rc5 Rh1 37. Ra5 Kg6 38. Rxa7 Ra1 39. Bc5 Rxa7 40.
Bxa7 Kf7 41. Kd2 Ke7 42. Bc5+ Kd7 43. Kc3 g6 44. Kb4 Bd5 45. Bf8 Be4 46. Kc5 Bd5
47. Bg7 f5 48. Ne2 1-0

[Event "Astana Zhuldyzdary Open A"]
[Site "Astana KAZ"]
[Date "2023.07.16"]
[Round "8.7"]
[White "Suleymenov, Alisher"]
[Black "Makhnev, Denis"]
[Result "1/2-1/2"]
[WhiteTitle "IM"]
[BlackTitle "GM"]
[WhiteElo "2499"]
[BlackElo "2454"]
[WhiteFideId "13707833"]
[BlackFideId "13707647"]
[EventDate "2023.07.11"]

1. e4 e5 2. Nf3 Nc6 3. d4 exd4 4. Nxd4 Bc5 5. Nb3 Bb6 6. Nc3 d6 7. Qe2 a5 8. Be3
a4 9. Bxb6 axb3 10. Be3 bxa2 11. Rxa2 Rxa2 12. Nxa2 Nf6 13. Nc3 O-O 14. Qd2 Re8
15. Bd3 Nb4 16. O-O Nxd3 17. Qxd3 Ng4 18. Bd4 Ne5 19. Qg3 f6 20. Nd5 Be6 21. c4
Nd7 22. b3 Bxd5 23. exd5 b6 24. h3 Re4 25. Be3 Nc5 26. Qf3 Qe8 27. Rb1 Qe5 28.
g3 h6 29. Kg2 f5 30. Bf4 Qd4 31. Be3 Qe5 32. Bf4 Qd4 33. Be3 Qe5 1/2-1/2

[Event "Astana Zhuldyzdary Open A"]
[Site "Astana KAZ"]
[Date "2023.07.16"]
[Round "8.8"]
[White "Stribuk, Artiom"]
[Black "Sargsyan, Shant"]
[Result "1/2-1/2"]
[WhiteTitle "FM"]
[BlackTitle "GM"]
[WhiteElo "2408"]
[BlackElo "2654"]
[WhiteFideId "13515659"]
[BlackFideId "13306766"]
[EventDate "2023.07.11"]

1. d4 Nf6 2. c4 g6 3. g3 Bg7 4. Bg2 c5 5. dxc5 Qa5+ 6. Nc3 Qxc5 7. Bd2 O-O 8.
Rc1 d6 9. b3 Nc6 10. Nf3 Rd8 11. e4 Bg4 12. h3 Bxf3 13. Qxf3 Nd7 14. O-O a6 15.
Rfd1 Rab8 16. Qe2 h5 17. Be3 Qa5 18. Qd2 Nc5 19. Nd5 Qxd2 20. Rxd2 a5 21. Rcd1
Re8 22. f4 Na6 23. Kf2 Ncb4 24. Bb6 Nxd5 25. Rxd5 a4 26. Ra5 axb3 27. axb3 Nb4
28. Ra4 Nc6 29. Rd2 Ra8 30. Rda2 Rac8 31. Rd2 Ra8 32. Rda2 Rxa4 33. Rxa4 Bd4+
34. Bxd4 Nxd4 35. b4 Rc8 36. Bf1 Kf8 37. Ke3 Nc6 38. h4 Ke8 39. Bh3 e6 40. b5
Ne7 41. Kd4 1/2-1/2

[Event "Astana Zhuldyzdary Open A"]
[Site "Astana KAZ"]
[Date "2023.07.16"]
[Round "8.9"]
[White "Kovalev, Vladislav"]
[Black "Kozganbay, Erkin"]
[Result "1-0"]
[WhiteTitle "GM"]
[WhiteElo "2603"]
[BlackElo "2337"]
[WhiteFideId "13504398"]
[BlackFideId "13703773"]
[EventDate "2023.07.11"]

1. e4 e6 2. d4 d5 3. exd5 exd5 4. Nf3 Nc6 5. Bd3 Bd6 6. O-O Nge7 7. c4 dxc4 8.
Bxc4 O-O 9. h3 Be6 10. Bxe6 fxe6 11. Nc3 Qd7 12. Re1 Rf5 13. Qe2 e5 14. dxe5
Bxe5 15. Nxe5 Nxe5 16. Be3 Nd5 17. Nxd5 Qxd5 18. b3 Re8 19. Rad1 Qf7 20. Rd2 Rf6
21. Red1 b6 22. Qa6 Qh5 23. Rd8 Rff8 24. R8d5 c6 25. Rd6 Rf6 26. Rd8 Rff8 27.
R8d4 Rf6 28. Qxa7 c5 29. Rd8 h6 30. Qb7 Kh7 31. Qe4+ Rg6 32. Rxe8 Qxd1+ 33. Kh2
Nd7 34. Rd8 1-0

[Event "Astana Zhuldyzdary Open A"]
[Site "Astana KAZ"]
[Date "2023.07.16"]
[Round "8.10"]
[White "Ohanyan, Emin"]
[Black "Sethuraman, S.P."]
[Result "1-0"]
[WhiteTitle "IM"]
[BlackTitle "GM"]
[WhiteElo "2489"]
[BlackElo "2602"]
[WhiteFideId "13312022"]
[BlackFideId "5021596"]
[EventDate "2023.07.11"]

1. d4 Nf6 2. c4 e6 3. Nf3 d5 4. Nc3 c6 5. Bg5 h6 6. Bxf6 Qxf6 7. e3 g6 8. Ne5
Nd7 9. f4 g5 10. Qd2 gxf4 11. exf4 Nxe5 12. dxe5 Qe7 13. O-O-O Bd7 14. Kb1 O-O-O
15. cxd5 exd5 16. Bd3 f6 17. Rde1 fxe5 18. fxe5 Bg7 19. Qf2 Kb8 20. e6 Bxe6 21.
Qg3+ Ka8 22. Rxe6 Qxe6 23. Qxg7 Rhg8 24. Qc7 Rc8 25. Qh7 Qe3 26. g3 Rh8 27. Qg6
Rcg8 28. Qf5 Rf8 29. Qg6 Rhg8 30. Qh7 Qd2 31. Be2 Qe3 32. Qc2 Re8 33. Qd3 Qf2
34. Qf3 Qc5 35. Nd1 Rgf8 36. Qd3 Re5 37. Bf3 a6 38. a3 Rfe8 39. Qd2 Qd6 40. Ka2
Qf6 41. Qd3 Rf8 42. Bg2 Qe6 43. Bf3 c5 44. Rf1 d4+ 45. Ka1 Rd8 46. Bh1 Ka7 47.
Qf3 Rd7 48. Qf6 Qxf6 49. Rxf6 Re1 50. Bf3 Rf1 51. Kb1 Re7 52. Rf4 d3 53. Ka2 c4
54. Nc3 Re3 1-0

[Event "Astana Zhuldyzdary Open A"]
[Site "Astana KAZ"]
[Date "2023.07.16"]
[Round "8.11"]
[White "Zhalmakhanov, Ramazan"]
[Black "Ponkratov, Pavel"]
[Result "1-0"]
[WhiteTitle "IM"]
[BlackTitle "GM"]
[WhiteElo "2413"]
[BlackElo "2589"]
[WhiteFideId "13706357"]
[BlackFideId "4157800"]
[EventDate "2023.07.11"]

1. e4 e5 2. Nf3 Nc6 3. Bb5 a6 4. Ba4 Nf6 5. O-O Bc5 6. c3 b5 7. Bb3 d6 8. a4 Bg4
9. d3 b4 10. h3 Be6 11. Bc2 Ba7 12. d4 exd4 13. cxd4 Na5 14. Re1 O-O 15. Nbd2 h6
16. b3 d5 17. e5 Nd7 18. Nf1 f5 19. exf6 Rxf6 20. Ng3 Bf7 21. Be3 Rc6 22. Nf5
Qf8 23. Qd3 Nf6 24. Bd2 Ne4 25. Ne5 Rxc2 26. Qxc2 Be8 27. g4 Bxd4 28. Rxe4 Bxa1
29. Bxb4 c5 30. Bxc5 Rc8 31. Rc4 Qf6 32. Ne7+ Kh8 33. N5g6+ Bxg6 34. Nxg6+ Kg8
35. Ne7+ Kh8 36. Ng6+ Kg8 37. Ne7+ Kh8 38. Nxc8 dxc4 39. bxc4 Nc6 40. Qe4 Ne5
41. Ne7 Qf3 42. Qd5 Qxd5 43. cxd5 Nd3 44. Be3 Bf6 45. Nc6 1-0

[Event "Astana Zhuldyzdary Open A"]
[Site "Astana KAZ"]
[Date "2023.07.16"]
[Round "8.12"]
[White "Arestanov, Timur"]
[Black "Bernadskiy, Vitaliy"]
[Result "0-1"]
[WhiteTitle "FM"]
[BlackTitle "GM"]
[WhiteElo "2216"]
[BlackElo "2545"]
[WhiteFideId "13701304"]
[BlackFideId "14100371"]
[EventDate "2023.07.11"]

1. d4 d5 2. c4 e6 3. Nf3 a6 4. cxd5 exd5 5. Nc3 Nf6 6. Bg5 c6 7. e3 Be6 8. Bd3
Nbd7 9. Ne5 Be7 10. f4 Nxe5 11. dxe5 Ng8 12. Bxe7 Nxe7 13. O-O d4 14. exd4 Qxd4+
15. Rf2 O-O-O 16. Bc2 Nf5 17. Qxd4 Rxd4 18. Re1 h5 19. Ne4 Rhd8 20. Ng5 g6 21.
Bxf5 gxf5 22. a3 Kc7 23. h4 c5 24. Nh7 b5 25. Re3 c4 26. Nf6 a5 27. Rg3 b4 28.
axb4 axb4 29. Nxh5 Rd2 30. Ng7 c3 31. bxc3 b3 32. Nxe6+ fxe6 33. c4 Rxf2 34.
Kxf2 b2 0-1

[Event "Astana Zhuldyzdary Open A"]
[Site "Astana KAZ"]
[Date "2023.07.16"]
[Round "8.13"]
[White "Nikitenko, Mihail"]
[Black "Agmanov, Zhandos"]
[Result "1/2-1/2"]
[WhiteTitle "GM"]
[BlackTitle "IM"]
[WhiteElo "2540"]
[BlackElo "2430"]
[WhiteFideId "13506862"]
[BlackFideId "13708309"]
[EventDate "2023.07.11"]

1. e4 c6 2. d4 d5 3. exd5 cxd5 4. Bd3 Nc6 5. c3 e6 6. Nf3 Bd6 7. O-O Nge7 8. Re1
Ng6 9. a4 O-O 10. b3 Re8 11. Ba3 e5 12. Bxg6 hxg6 13. Bxd6 Qxd6 14. dxe5 Nxe5
15. Nxe5 Rxe5 16. Nd2 Bd7 17. Nf3 Rxe1+ 18. Qxe1 Rc8 19. Nd4 Qc5 20. Rc1 a5 21.
h4 b5 22. axb5 Bxb5 23. Ra1 Bd7 24. Qd2 Kh7 25. Nf3 Qxc3 26. Qxc3 Rxc3 27. Rxa5
f6 28. Ra7 Bg4 29. Nd4 Rd3 30. Ra4 Bd1 31. Rb4 g5 32. hxg5 fxg5 33. Ne6 Rxb3 34.
Rd4 Rb1 35. Kh2 Kh6 36. Kg3 Bh5 37. Rxd5 1/2-1/2

[Event "Astana Zhuldyzdary Open A"]
[Site "Astana KAZ"]
[Date "2023.07.16"]
[Round "8.14"]
[White "Harutyunyan, Tigran K."]
[Black "Zarubitski, Viachaslau"]
[Result "1-0"]
[WhiteTitle "GM"]
[BlackTitle "IM"]
[WhiteElo "2526"]
[BlackElo "2423"]
[WhiteFideId "13303635"]
[BlackFideId "13509373"]
[EventDate "2023.07.11"]

1. d4 d5 2. c4 c6 3. Nf3 Nf6 4. Nc3 e6 5. Bg5 h6 6. Bxf6 Qxf6 7. Qb3 dxc4 8.
Qxc4 Nd7 9. e3 g6 10. Be2 Bg7 11. O-O O-O 12. Rfd1 e5 13. Ne4 Qe7 14. d5 cxd5
15. Qxd5 Nb6 16. Qc5 Qxc5 17. Nxc5 Re8 18. Nd2 Re7 19. Nde4 Bd7 20. Nxd7 Nxd7
21. Rac1 Nb6 22. g4 f5 23. Ng3 fxg4 24. Rd6 Kf7 25. Bd1 Bf8 26. Bxg4 e4 27. Bd1
Rae8 28. Rd4 Kg7 29. a4 Nd7 30. a5 Nf6 31. Ba4 Rb8 32. Ne2 b6 33. a6 b5 34. Bb3
Rb6 35. Rd8 Rxa6 36. Nd4 Re5 37. Kf1 Be7 38. Rb8 h5 39. Rc7 Kh6 40. h4 Ng4 41.
Rbb7 Ra1+ 42. Ke2 Rb1 43. Rxe7 Rxb2+ 44. Bc2 Rxe7 45. Rxe7 b4 46. Ke1 Nxf2 47.
Ne6 g5 48. hxg5+ Kg6 49. Kxf2 b3 50. Kg3 bxc2 51. Kf4 1-0

[Event "Astana Zhuldyzdary Open A"]
[Site "Astana KAZ"]
[Date "2023.07.16"]
[Round "8.15"]
[White "Nogerbek, Kazybek"]
[Black "Assylov, Miras"]
[Result "1/2-1/2"]
[WhiteTitle "IM"]
[WhiteElo "2504"]
[BlackElo "2012"]
[WhiteFideId "13710427"]
[BlackFideId "13728873"]
[EventDate "2023.07.11"]

1. d4 Nf6 2. c4 e6 3. Nf3 b6 4. a3 Bb7 5. Nc3 d5 6. cxd5 Nxd5 7. Qc2 Be7 8. e4
Nxc3 9. bxc3 O-O 10. Bd3 c5 11. O-O Qc8 12. Qe2 Ba6 13. d5 exd5 14. exd5 Bxd3
15. Qxd3 Bf6 16. Ng5 g6 17. Ne4 Bg7 18. Bg5 f5 19. Nd2 Nd7 20. Rae1 Ne5 21. Qg3
Re8 22. c4 Qd7 23. Bf4 Ng4 24. h3 Nf6 25. Qd3 Nh5 26. Bh2 Rxe1 27. Rxe1 Re8 28.
Rd1 Nf6 29. Nf3 Ne4 30. Re1 Bf6 31. Re2 Kf7 32. h4 a6 33. Bf4 b5 34. Rc2 Qb7 35.
Qb3 b4 36. axb4 Qxb4 37. Qe3 Ng3 38. Qd3 Qb1+ 39. Kh2 Re2 40. Rc3 Qxd3 41. Rxd3
Ne4 42. d6 Nxf2 43. Rd5 Ng4+ 44. Kg3 Ne3 45. Bxe3 Rxe3 46. d7 Bd8 47. Kf2 Rc3
48. Ne5+ Ke6 49. Rxc5 Bxh4+ 50. Ke2 Rc2+ 51. Kd3 Rxg2 52. Rd5 Rg1 53. Kc2 Rg2+
54. Kb3 f4 55. Nc6 Rg3+ 56. Kc2 f3 57. d8=Q Bxd8 58. Nxd8+ Kf6 59. Rd1 f2 60.
Rf1 Rf3 61. Nc6 g5 62. Nd4 Rf4 63. Kd3 Ke5 64. Nc2 g4 65. Ne3 g3 66. Ke2 Re4 67.
Rh1 g2 68. Rh5+ Kf6 69. Kxf2 Rxe3 70. Kxg2 Kg6 71. Ra5 Re6 72. Kg3 h5 73. Kh4
Re4+ 74. Kg3 Rxc4 1/2-1/2

[Event "Astana Zhuldyzdary Open A"]
[Site "Astana KAZ"]
[Date "2023.07.16"]
[Round "8.16"]
[White "Petrosyan, Manuel"]
[Black "Ashraf, Artin"]
[Result "1-0"]
[WhiteTitle "GM"]
[BlackTitle "FM"]
[WhiteElo "2627"]
[BlackElo "2309"]
[WhiteFideId "13300857"]
[BlackFideId "22514805"]
[EventDate "2023.07.11"]

1. e4 c6 2. d4 d5 3. e5 Bf5 4. Nf3 e6 5. Be2 Nd7 6. O-O a5 7. Nbd2 a4 8. c4 h6
9. cxd5 cxd5 10. Nb1 Ne7 11. a3 Nc6 12. Nc3 Qa5 13. Bb5 Nb6 14. Nh4 Bh7 15. f4
Be7 16. f5 Bxh4 17. fxe6 O-O 18. Qg4 Kh8 19. Bxh6 gxh6 20. Qxh4 fxe6 21. Qxh6
Rf5 22. Rxf5 exf5 23. Rf1 Nxd4 24. e6 Nxe6 25. Qxe6 Rf8 26. Qe5+ Kg8 27. Rf3 f4
28. Rh3 Qa7 29. Qg5+ Kh8 30. Rxh7+ 1-0

[Event "Astana Zhuldyzdary Open A"]
[Site "Astana KAZ"]
[Date "2023.07.16"]
[Round "8.17"]
[White "Ibadov, Dashgyn"]
[Black "Smirin, Ilia"]
[Result "1-0"]
[WhiteTitle "IM"]
[BlackTitle "GM"]
[WhiteElo "2372"]
[BlackElo "2595"]
[WhiteFideId "24107514"]
[BlackFideId "2801990"]
[EventDate "2023.07.11"]

1. e4 c5 2. Nf3 e6 3. d4 cxd4 4. Nxd4 a6 5. Nc3 d6 6. g3 Nf6 7. Bg2 Be7 8. O-O
O-O 9. b3 Nc6 10. Nxc6 bxc6 11. e5 dxe5 12. Bxc6 Ra7 13. Bb2 Qa5 14. Qe1 Rd8 15.
Ne4 Qxe1 16. Nxf6+ gxf6 17. Rfxe1 Rd2 18. Be4 Bc5 19. Red1 Bxf2+ 20. Kf1 Be3 21.
Rxd2 Bxd2 22. Rd1 Rd7 23. Ke2 Bb4 24. Rxd7 Bxd7 25. c4 Bd6 26. Bc3 Bc8 27. b4 f5
28. Bc6 f4 29. c5 Bb8 30. a4 fxg3 31. hxg3 e4 32. b5 axb5 33. axb5 Bxg3 34. Bf6
Bh2 35. Bxe4 Bg1 36. c6 Kf8 37. Bxh7 Ke8 38. Be4 Bc5 39. Kd3 Be7 40. Be5 f5 41.
Bf3 Bc5 42. Kc4 Bb6 43. Bd4 Bd8 44. b6 Ba6+ 45. Kb4 e5 46. b7 Bc7 47. Bb6 Bd6+
48. Ka5 Bxb7 49. cxb7 Kd7 50. Ba7 e4 51. Be2 f4 52. b8=Q Bxb8 53. Bxb8 f3 54.
Bb5+ Ke6 55. Ba7 Kf5 56. Kb4 Kf4 57. Kc3 1-0